000 00397nam a2200157Ia 4500
008 170224s9999 xx 000 0 und d
100 _aNicholas W Jankowski
245 _aHandbook of digital politics
245 _cNicholas W Jankowski
260 _bNew Media & Society
260 _c2016
300 _a18:10
500 _a2016
650 _xCommunication Arts
650 _xMultimedia Arts
999 _c316214
_d316214